| 000 | 00535nam a2200181 i 4500 | ||
|---|---|---|---|
| 001 | 31586 | ||
| 003 | ES-MaACL | ||
| 005 | 20251003063045.0 | ||
| 007 | t| | ||
| 008 | 030129s1960 sp ||||1| spa d | ||
| 100 | 1 |
_aBautista Belda, Vicente, _d1916-2008 _926621 |
|
| 245 | 1 | 4 |
_aLas aguas vuelven a su cauce / _cVicente Bautista Belda. |
| 260 |
_a[Alicante : _bs.n., _c1960] ( _fImp. Moderna) |
||
| 300 |
_a95 p. ; _c20 cm. |
||
| 852 |
_aES-MaACL _jC-19092 _bR.47367 |
||
| 852 |
_aES-MaACL _jC-19671 |
||
| 999 |
_c31586 _d31586 |
||